[Event "SVK-chT2D 1516"]
[Site "Slovakia"]
[Date "2015.11.08"]
[Round "4.5"]
[White "Veselovsky, Jan"]
[Black "Fedorko, Martin"]
[Result "1/2-1/2"]
[WhiteElo "2031"]
[BlackElo "2050"]
[PlyCount "61"]
[EventDate "2015.10.17"]
[EventType "team-tourn"]
[EventRounds "11"]
[EventCountry "SVK"]
[SourceTitle "CBM 169 Extra"]
[Source "ChessBase"]
[SourceDate "2015.12.18"]
[SourceVersion "1"]
[SourceVersionDate "2015.12.18"]
[SourceQuality "1"]
[WhiteTeam "Bardejov II"]
[BlackTeam "Kosice Slavia IV"]
[WhiteTeamCountry "SVK"]
[BlackTeamCountry "SVK"]

1. e4 c5 2. Nf3 Nc6 3. d4 cxd4 4. Nxd4 e5 5. Nb5 d6 6. c4 Nf6 7. N1c3 a6 8. Na3 Be7 9. Be2 0-0 10. 0-0 Nd4 11. Be3 Nxe2+ 12. Qxe2 Be6 13. Rfd1 Qc7 14. Rac1 Rac8 15. Nd5 Bxd5 16. cxd5 Qd7 17. Bg5 Nxd5 18. Rxd5 Bxg5 19. Rcd1 Rfd8 20. Nc4 Qe7 21. Nxd6 Rc7 22. Nf5 Qf8 23. Qg4 Rxd5 24. exd5 Qd8 25. d6 Rd7 26. h4 g6 27. hxg5 gxf5 28. Qxf5 Rxd6 29. Re1 Rd1 30. Qxe5 Rxe1+ 31. Qxe1 1/2-1/2

[Event "SVK-ch Amateurs"]
[Site "Stara Lubovna"]
[Date "2015.05.08"]
[Round "3"]
[White "Fedorko, Martin"]
[Black "Tropp, Frantisek"]
[Result "1-0"]
[WhiteElo "1998"]
[BlackElo "2074"]
[PlyCount "101"]
[EventDate "2015.05.07"]
[EventType "swiss"]
[EventRounds "7"]
[EventCountry "SVK"]
[SourceTitle "EXT 2017"]
[Source "ChessBase"]
[SourceDate "2016.10.25"]
[SourceVersion "1"]
[SourceVersionDate "2016.10.25"]
[SourceQuality "1"]

1. e4 e5 2. Nf3 Nc6 3. Bc4 Nf6 4. Ng5 d5 5. exd5 Na5 6. Bb5+ c6 7. dxc6 bxc6 8. Qf3 Be7 9. Bxc6+ Nxc6 10. Qxc6+ Bd7 11. Qc4 0-0 12. Nc3 Ng4 13. Nge4 Be6 14. Qe2 f5 15. h3 Nh6 16. Ng3 Qc7 17. d3 f4 18. Nge4 Nf5 19. Qd1 Nd4 20. a3 Rac8 21. Nd2 f3 22. Nxf3 Rxf3 23. gxf3 Qc6 24. Be3 Nxf3+ 25. Ke2 Rf8 26. Ne4 Bd5 27. c4 Bxe4 28. dxe4 Qxe4 29. Qd5+ Qxd5 30. cxd5 a5 31. Rhd1 Bd6 32. Rac1 e4 33. Bc5 Rd8 34. Bxd6 Rxd6 35. Rc6 Rd8 36. Ra6 Ne5 37. Re6 Nc4 38. Rxe4 Nd6 39. Re6 Kf7 40. b4 axb4 41. axb4 Nb5 42. Re3 Rd6 43. f4 g6 44. Kf3 h6 45. Rdd3 Nc7 46. Re5 Kf6 47. Ke4 Kf7 48. Rc3 Nb5 49. Rc6 Rd7 50. Ree6 Nc7 51. Rcd6 1-0

[Event "SVK-ch Amateurs"]
[Site "Stara Lubovna"]
[Date "2015.05.07"]
[Round "2"]
[White "Jablonicky, Frantisek"]
[Black "Fedorko, Martin"]
[Result "0-1"]
[WhiteElo "2173"]
[BlackElo "1998"]
[PlyCount "132"]
[EventDate "2015.05.07"]
[EventType "swiss"]
[EventRounds "7"]
[EventCountry "SVK"]
[SourceTitle "EXT 2017"]
[Source "ChessBase"]
[SourceDate "2016.10.25"]
[SourceVersion "1"]
[SourceVersionDate "2016.10.25"]
[SourceQuality "1"]

1. Nf3 d5 2. c4 c6 3. b3 Bf5 4. Bb2 e6 5. g3 Nf6 6. Bg2 Be7 7. 0-0 0-0 8. Nh4 Be4 9. f3 Bxb1 10. Qxb1 g5 11. Nf5 exf5 12. Qxf5 Ne8 13. f4 Qd7 14. Qxd7 Nxd7 15. cxd5 cxd5 16. Bxd5 Rd8 17. fxg5 Nb6 18. Bf3 Rxd2 19. Bc1 Rc2 20. Rd1 Ng7 21. a4 Ne6 22. Kf1 Nxg5 23. Bxb7 Rc7 24. Bg2 Ne6 25. a5 Nd7 26. Bd2 Ndc5 27. Rab1 Rb8 28. Bd5 Rd8 29. e4 Rcd7 30. Ke1 Nc7 31. b4 Nd3+ 32. Ke2 Nxd5 33. exd5 Rxd5 34. Be3 Bxb4 35. a6 Bc5 36. Rxd3 Rxd3 37. Bxc5 Rd2+ 38. Ke3 Ra2 39. Bxa7 Rxa6 40. Rb7 Re6+ 41. Kf4 Rde8 42. h4 R6e7 43. Rxe7 Rxe7 44. Bd4 Re6 45. g4 Ra6 46. Kf5 h6 47. g5 h5 48. Bf2 Ra4 49. Be1 Rc4 50. Bg3 Rc6 51. Bf2 Rc1 52. Bd4 Rf1+ 53. Ke4 Kh7 54. Be3 Kg6 55. Bf4 Ra1 56. Bg3 Ra3 57. Bf2 Ra8 58. Be3 Ra4+ 59. Bd4 Ra2 60. Be5 Rg2 61. Kf3 Rg4 62. Bg3 Kf5 63. Be1 Ra4 64. Bf2 Ra3+ 65. Be3 Rb3 66. Ke2 Kg4 0-1

[Event "SVK-chT2D 14/15"]
[Site "Slovakia"]
[Date "2014.11.08"]
[Round "3.1"]
[White "Fedorko, Martin"]
[Black "Jusko, Peter"]
[Result "1-0"]
[WhiteElo "1982"]
[BlackElo "1901"]
[PlyCount "63"]
[EventDate "2014.10.11"]
[EventType "team-tourn"]
[EventRounds "11"]
[EventCountry "SVK"]
[SourceTitle "EXT 2019"]
[Source "ChessBase"]
[SourceDate "2018.10.10"]
[SourceVersion "1"]
[SourceVersionDate "2018.10.10"]
[SourceQuality "1"]
[WhiteTeam "Kosice Slavia TU IV"]
[BlackTeam "Sabinov II"]
[WhiteTeamCountry "SVK"]
[BlackTeamCountry "SVK"]

1. e4 c5 2. Nf3 Nc6 3. d4 cxd4 4. Nxd4 e5 5. Nb5 d6 6. N1c3 a6 7. Na3 b5 8. Nd5 Nge7 9. c3 Be6 10. Be3 Bxd5 11. exd5 Nb8 12. Nc2 Ng6 13. a4 bxa4 14. Rxa4 Be7 15. Qa1 0-0 16. Bxa6 Nxa6 17. Rxa6 Rxa6 18. Qxa6 f5 19. 0-0 f4 20. Bb6 Qd7 21. f3 Qf5 22. Nb4 e4 23. fxe4 Qxe4 24. Qd3 Qe5 25. Nc6 Qg5 26. c4 Bf6 27. Bd4 Nh4 28. Qd2 Be5 29. Bxe5 dxe5 30. d6 e4 31. Qd5+ Qxd5 32. cxd5 1-0

[Event "Kosice Kotan Memorial 6th"]
[Site "Kosice"]
[Date "2014.07.26"]
[Round "9"]
[White "Fedorko, Martin"]
[Black "Zambor, Norbert"]
[Result "0-1"]
[WhiteElo "2006"]
[BlackElo "2298"]
[PlyCount "89"]
[EventDate "2014.07.19"]
[EventType "swiss"]
[EventRounds "9"]
[EventCountry "SVK"]
[SourceTitle "CBM 161 Extra"]
[Source "ChessBase"]
[SourceDate "2014.08.29"]
[SourceVersion "1"]
[SourceVersionDate "2014.08.29"]
[SourceQuality "1"]

1. e4 c5 2. Nf3 Nc6 3. d4 cxd4 4. Nxd4 e5 5. Nf5 d5 6. Ng3 Nf6 7. Bg5 Qa5+ 8. Qd2 Nxe4 9. Nxe4 dxe4 10. Qxa5 Nxa5 11. Bb5+ Nc6 12. Nc3 f6 13. Bd2 f5 14. Nd5 Bd6 15. 0-0-0 Be6 16. Bb4 0-0-0 17. Bxd6 Rxd6 18. Bxc6 bxc6 19. Nb4 Rhd8 20. Rxd6 Rxd6 21. Na6 Bc4 22. Nc5 Rg6 23. g3 Be2 24. b3 Rh6 25. h4 Bf3 26. Re1 Rd6 27. Na4 Kd7 28. Nb2 Ke6 29. Nc4 Rd8 30. Nd2 Bg4 31. Re3 h6 32. Rc3 Rd6 33. Rc5 Be2 34. Rc3 Kf6 35. Re3 Bg4 36. b4 g5 37. hxg5+ hxg5 38. Ra3 Bh3 39. Rxa7 Bg2 40. Ra6 f4 41. Nc4 e3 42. fxe3 Bd5 43. Nxe5 fxg3 44. e4 Kxe5 45. exd5 0-1

[Event "SVK-chT2D 1314"]
[Site "Slovakia"]
[Date "2014.03.15"]
[Round "10.1"]
[White "Istona, Martin"]
[Black "Fedorko, Martin"]
[Result "1-0"]
[WhiteElo "2101"]
[BlackElo "2020"]
[PlyCount "71"]
[EventDate "2013.10.19"]
[EventType "team-tourn"]
[EventRounds "11"]
[EventCountry "SVK"]
[SourceTitle "EXT 2015"]
[Source "ChessBase"]
[SourceDate "2014.11.20"]
[SourceVersion "1"]
[SourceVersionDate "2014.11.20"]
[SourceQuality "1"]
[WhiteTeam "Sabinov II"]
[BlackTeam "Kosice Slavia TU IV"]
[WhiteTeamCountry "SVK"]
[BlackTeamCountry "SVK"]

1. d4 d5 2. Nf3 Nf6 3. c4 c6 4. e3 e6 5. b3 Nbd7 6. Bd3 Bb4+ 7. Nbd2 0-0 8. 0-0 Qe7 9. Bb2 Ba3 10. Bc3 b6 11. Qc2 h6 12. Ne5 Bb7 13. f4 Bd6 14. Rf3 c5 15. Rh3 cxd4 16. exd4 Rac8 17. Rf1 Bb4 18. Bb2 Ba3 19. Bc3 Bb4 20. Ba1 dxc4 21. bxc4 Bxd2 22. Qxd2 Ne4 23. Qe2 Ndf6 24. Re3 Nd6 25. f5 Rfe8 26. d5 exd5 27. Ng4 Nfe4 28. f6 Qe6 29. fxg7 f5 30. Nf6+ Qxf6 31. Bxf6 Nxf6 32. Bxf5 Rxc4 33. Be6+ Kxg7 34. Rg3+ Kf8 35. Rxf6+ Nf7 36. Rxf7# 1-0

[Event "SVK-chT2D 1213"]
[Site "Slovakia"]
[Date "2012.12.16"]
[Round "6.3"]
[White "Fedorko, Martin"]
[Black "Harvan, Richard"]
[Result "1/2-1/2"]
[WhiteElo "2061"]
[BlackElo "2027"]
[PlyCount "88"]
[EventDate "2012.10.13"]
[EventType "team-tourn"]
[EventRounds "11"]
[EventCountry "SVK"]
[SourceTitle "EXT 2015"]
[Source "ChessBase"]
[SourceDate "2014.11.20"]
[SourceVersion "1"]
[SourceVersionDate "2014.11.20"]
[SourceQuality "1"]
[WhiteTeam "Kosice Slavia TU IV"]
[BlackTeam "Kosice SK"]
[WhiteTeamCountry "SVK"]
[BlackTeamCountry "SVK"]

1. e4 c5 2. Nf3 Nc6 3. d4 cxd4 4. Nxd4 Nf6 5. Nc3 d6 6. Be3 Ng4 7. Bc1 Qb6 8. Bb5 Bd7 9. 0-0 Qxd4 10. Bxc6 Qxd1 11. Bxd7+ Kxd7 12. Rxd1 g6 13. h3 Ne5 14. b3 Bg7 15. Bb2 Rac8 16. Rab1 Nf3+ 17. gxf3 Bxc3 18. Rd3 Bxb2 19. Rxb2 b5 20. c3 Rc5 21. b4 Rc6 22. a3 Rhc8 23. Rb3 e6 24. Kf1 g5 25. Ke2 Rf8 26. Rb1 Ra6 27. Ra1 f5 28. Rdd1 h6 29. Rh1 fxe4 30. fxe4 Rf4 31. f3 d5 32. Rhd1 Kd6 33. exd5 exd5 34. Rd4 Rf5 35. h4 Rc6 36. Rc1 gxh4 37. Rxh4 h5 38. Rd4 a6 39. Ke3 Ke5 40. f4+ Kf6 41. Kf3 Rc7 42. Rc2 Kg6 43. Rd3 Rcf7 44. Rd4 Rc7 1/2-1/2

[Event "SVK-chT2D 1112"]
[Site "Slovakia"]
[Date "2012.01.07"]
[Round "7.4"]
[White "Sepesi, Samuel"]
[Black "Fedorko, Martin"]
[Result "1-0"]
[WhiteElo "1839"]
[BlackElo "2064"]
[PlyCount "62"]
[EventDate "2011.10.08"]
[EventType "team-tourn"]
[EventRounds "11"]
[EventCountry "SVK"]
[SourceTitle "EXT 2013"]
[Source "ChessBase"]
[SourceDate "2012.11.22"]
[SourceVersion "1"]
[SourceVersionDate "2012.11.22"]
[SourceQuality "1"]
[WhiteTeam "Kosice Slavia TU"]
[BlackTeam "Kosice Slavia TU IV"]
[WhiteTeamCountry "SVK"]
[BlackTeamCountry "SVK"]

1. e4 b6 2. d4 Bb7 3. f3 e6 4. Be3 c5 5. c3 Nf6 6. Bd3 Nc6 7. Ne2 cxd4 8. cxd4 Rc8 9. Nbc3 d6 10. 0-0 Be7 11. Rc1 0-0 12. Qe1 a6 13. Qg3 g6 14. f4 Nb4 15. Bb1 Nh5 16. Qf2 Ng7 17. a3 Nc6 18. d5 exd5 19. Bxb6 Qd7 20. Nxd5 Nb8 21. Nec3 Ne6 22. f5 Nc5 23. f6 Bd8 24. Qh4 Ne6 25. Rf3 Bxd5 26. Bxd8 Bxe4 27. Bxe4 Qxd8 28. Rcf1 Qa5 29. Nd5 Rc4 30. Qxh7+ Kxh7 31. Rh3+ Kg8 1-0

[Event "SVK-chT2D 10/11"]
[Site "Slovakia"]
[Date "2011.03.05"]
[Round "8.6"]
[White "Goban, Marek"]
[Black "Fedorko, Martin"]
[Result "1-0"]
[WhiteElo "2126"]
[BlackElo "2031"]
[PlyCount "65"]
[EventDate "2010.10.23"]
[EventType "team-tourn"]
[EventRounds "11"]
[EventCountry "SVK"]
[SourceTitle "EXT 2019"]
[Source "ChessBase"]
[SourceDate "2018.10.10"]
[SourceVersion "1"]
[SourceVersionDate "2018.10.10"]
[SourceQuality "1"]
[WhiteTeam "Presov Tatran"]
[BlackTeam "Kosice Slavia TU V"]
[WhiteTeamCountry "SVK"]
[BlackTeamCountry "SVK"]

1. Nf3 Nf6 2. g3 d5 3. Bg2 c5 4. d4 Bf5 5. 0-0 e6 6. c4 Be7 7. Nc3 0-0 8. Qb3 Nc6 9. cxd5 Na5 10. Qa4 exd5 11. dxc5 Bd7 12. Qd1 Bxc5 13. Nxd5 Bc6 14. Nxf6+ Qxf6 15. Qc2 b6 16. Bd2 Bxf3 17. Bxf3 Rac8 18. Bc3 Bd4 19. Bxd4 Qxd4 20. Qb1 Nc4 21. b3 Nd2 22. Rd1 Rfd8 23. Qf5 Nxf3+ 24. Qxf3 Qxd1+ 25. Rxd1 Rxd1+ 26. Kg2 Rcd8 27. Qb7 R1d7 28. Qc6 g6 29. a4 Rd6 30. Qb7 a5 31. Qa6 Re6 32. e3 Rd2 33. Qc8+ 1-0

[Event "SVK-chT1E 1011"]
[Site "Slovakia"]
[Date "2011.02.12"]
[Round "6.7"]
[White "Ducay, Miroslav"]
[Black "Fedorko, Martin"]
[Result "0-1"]
[WhiteElo "2033"]
[BlackElo "2031"]
[PlyCount "57"]
[EventDate "2010.11.06"]
[EventType "team-tourn"]
[EventRounds "11"]
[EventCountry "SVK"]
[SourceTitle "EXT 2012"]
[Source "ChessBase"]
[SourceDate "2011.11.24"]
[SourceVersion "1"]
[SourceVersionDate "2011.11.24"]
[SourceQuality "1"]
[WhiteTeam "Presov"]
[BlackTeam "Kosice Slavia"]
[WhiteTeamCountry "SVK"]
[BlackTeamCountry "SVK"]

1. e4 c5 2. Nf3 Nc6 3. d4 cxd4 4. Nxd4 e6 5. Nb5 d6 6. Bf4 e5 7. Be3 a6 8. N5c3 Nf6 9. Nd5 Nxd5 10. exd5 Ne7 11. c4 Nf5 12. Qb3 Nxe3 13. Qxe3 Be7 14. Bd3 0-0 15. 0-0 Bg5 16. Qe2 f5 17. Nc3 Rf6 18. Rab1 Bd7 19. b3 Rh6 20. Rb2 Qf6 21. Nd1 Re8 22. b4 e4 23. Bb1 Qe5 24. g3 f4 25. f3 fxg3 26. Qxe4 gxh2+ 27. Kh1 Qg3 28. Qd3 Bh3 29. c5 0-1

[Event "SVK-chT2D 10/11"]
[Site "Slovakia"]
[Date "2010.12.05"]
[Round "4.2"]
[White "Fedorko, Martin"]
[Black "Krajnak, Martin"]
[Result "0-1"]
[WhiteElo "2031"]
[BlackElo "2245"]
[PlyCount "68"]
[EventDate "2010.10.23"]
[EventType "team-tourn"]
[EventRounds "11"]
[EventCountry "SVK"]
[SourceTitle "EXT 2019"]
[Source "ChessBase"]
[SourceDate "2018.10.10"]
[SourceVersion "1"]
[SourceVersionDate "2018.10.10"]
[SourceQuality "1"]
[WhiteTeam "Kosice Slavia TU V"]
[BlackTeam "Stara Lubovna"]
[WhiteTeamCountry "SVK"]
[BlackTeamCountry "SVK"]

1. e4 d5 2. exd5 Nf6 3. d4 Nxd5 4. c4 Nb4 5. Qa4+ N8c6 6. d5 b5 7. cxb5 Nd4 8. Na3 e5 9. Bd2 Nxd5 10. Ne2 Nb6 11. Qd1 Bxa3 12. Nxd4 exd4 13. bxa3 Qe7+ 14. Qe2 Be6 15. Bb4 Qf6 16. Rc1 0-0-0 17. Qd3 Rhe8 18. Be2 Bc4 19. Rxc4 Nxc4 20. 0-0 Nb6 21. Bf3 Qg6 22. Qb3 d3 23. Bd2 Re2 24. Be3 Qe6 25. Qd1 Rxe3 26. Bg4 f5 27. Bxf5 Qxf5 28. fxe3 Qe4 29. Rf3 d2 30. Kf2 Na4 31. Rf4 Qxf4+ 32. exf4 Nc3 33. Qg4+ Kb8 34. b6 axb6 0-1

[Event "Kosice Kotan Memorial 2nd"]
[Site "Kosice"]
[Date "2010.06.27"]
[Round "3"]
[White "Manik, Mikulas"]
[Black "Fedorko, Martin"]
[Result "1/2-1/2"]
[WhiteElo "2440"]
[BlackElo "2022"]
[PlyCount "33"]
[EventDate "2010.06.26"]
[EventType "swiss"]
[EventRounds "9"]
[EventCountry "SVK"]
[SourceTitle "CBM 137 Extra"]
[Source "ChessBase"]
[SourceDate "2010.09.01"]
[SourceVersion "1"]
[SourceVersionDate "2010.09.01"]
[SourceQuality "1"]

1. e4 c5 2. Nf3 e6 3. b3 b6 4. Bb2 Bb7 5. Nc3 Nf6 6. e5 Nd5 7. Nxd5 Bxd5 8. Be2 Be7 9. 0-0 0-0 10. c4 Bb7 11. d4 cxd4 12. Nxd4 a6 13. f4 Nc6 14. Bf3 Qc7 15. Nxc6 Bxc6 16. Bxc6 dxc6 17. Qe2 1/2-1/2

[Event "SVK-chT2D 0809"]
[Site "Slovakia"]
[Date "2008.11.08"]
[Round "3.5"]
[White "Svana, Kamil"]
[Black "Fedorko, Martin"]
[Result "1-0"]
[WhiteElo "2024"]
[BlackElo "2004"]
[PlyCount "53"]
[EventDate "2008.10.11"]
[EventType "team-tourn"]
[EventRounds "11"]
[EventCountry "SVK"]
[SourceTitle "EXT 2010"]
[Source "ChessBase"]
[SourceDate "2010.11.25"]
[SourceVersion "1"]
[SourceVersionDate "2010.11.25"]
[SourceQuality "1"]
[WhiteTeam "Spisska Nova Ves"]
[BlackTeam "Kosice Akademik"]
[WhiteTeamCountry "SVK"]
[BlackTeamCountry "SVK"]

1. e4 c5 2. Nf3 e6 3. d4 cxd4 4. Nxd4 Nc6 5. Nxc6 bxc6 6. Bd3 Nf6 7. 0-0 d5 8. e5 Nd7 9. f4 Qb6+ 10. Kh1 Ba6 11. Qe2 Bxd3 12. cxd3 Nc5 13. Nd2 Qb5 14. Rf3 Na4 15. f5 Nc5 16. Nb3 Nxb3 17. axb3 Bc5 18. fxe6 fxe6 19. Bg5 h6 20. Bh4 Be7 21. Bxe7 Kxe7 22. Qf2 Qb4 23. Rf7+ Ke8 24. Rfxa7 Rxa7 25. Rxa7 Rf8 26. Ra8+ Kd7 27. Rxf8 1-0